Cinco poetas musulmanes (Record no. 69729)

MARC details
000 -LEADER
campo de control de longitud fija 00756nam a2200217 i 4500
001 - NÚMERO DE CONTROL
campo de control 69729
003 - IDENTIFICADOR DE NÚMERO DE CONTROL
campo de control ES-MaACL
005 - FECHA Y HORA DE LA ÚLTIMA TRANSACCIÓN
campo de control 20251004063115.0
007 - CAMPO FIJO DE DESCRIPCIÓN FÍSICA--INFORMACIÓN GENERAL
campo de control de longitud fija t|
008 - DATOS DE LONGITUD FIJA--INFORMACIÓN GENERAL
campo de control de longitud fija 040709s1944 sp ||||1| spa d
100 1# - ENTRADA PRINCIPAL--NOMBRE DE PERSONA
Nombre de persona García Gómez, Emilio,
Fechas asociadas al nombre 1905-1995
9 (RLIN) 54690
245 10 - MENCIÓN DEL TÍTULO
Título Cinco poetas musulmanes
Resto del título : biografías y estudios /
Mención de responsabilidad, etc. Emilio García Gómez.
260 ## - PUBLICACIÓN, DISTRIBUCIÓN, ETC.
Lugar de publicación, distribución, etc. [Madrid] :
Nombre del editor, distribuidor, etc. Espasa-Calpe,
Fecha de publicación, distribución, etc. [1944]
300 ## - DESCRIPCIÓN FÍSICA
Extensión 277 p. ;
Dimensiones 18 cm.
490 1# - MENCIÓN DE SERIE
Mención de serie Colección Austral. Serie naranja ;
Designación de volumen o secuencia 513
650 #4 - PUNTO DE ACCESO ADICIONAL DE MATERIA--TÉRMINO DE MATERIA
Término de materia o nombre geográfico como elemento de entrada Poesía árabe-
Subdivisión general Historia y crítica.
9 (RLIN) 166615
650 #4 - PUNTO DE ACCESO ADICIONAL DE MATERIA--TÉRMINO DE MATERIA
Término de materia o nombre geográfico como elemento de entrada Poetas árabes-
Subdivisión general Biografías.
9 (RLIN) 166616
830 0# - PUNTO DE ACCESO ADICIONAL DE SERIE-TÍTULO UNIFORME
Título uniforme Colección Austral. Serie naranja ;
Designación de volumen o secuencia 513
9 (RLIN) 231008
852 ## - LOCALIZACIÓN
Ubicación ES-MaACL
Número de control de estantería B-10122
Sublocalización o colección R.21211
Holdings
Estatus retirado Estado de pérdida Estado de daño No para préstamo Biblioteca de origen Biblioteca actual Ubicación en estantería Fecha de adquisición Fuente de adquisición Total de préstamos Signatura topográfica completa Código de barras Visto por última vez Precio de reemplazo Tipo de ítem Koha
        Biblioteca del Ateneo de Madrid Biblioteca del Ateneo de Madrid Sala Pardo Bazán 17/01/2008     B-10122 1073015 23/02/2023 23/02/2023 Libro impreso